00788 a2200193 4500003000500000005001700005040000900022082001200031100003000043245013500073260002000208300001000228650001200238942000800250999001900258952010600277952010600383952010500489Nust20170207153545.0 cNust a621.382 aSaqib,Muhammad MSEE-12 aRemoval of Blobs From Eye Examined Videos and Generating Panorama Images using Video RegistrationcMajor Muhammad Saqib MSEE-12 bMCScMarch,2010 a68 :p aMSEE-12 cTHS c188569d188569 00102ddc40708NFICaMCSbMCSd2016-12-12l0o621..382 SAQpMCSTEE-127r2016-12-08w2016-12-12yBK 00102ddc40708NFICaMCSbMCSd2016-12-12l0o621..382 SAQpMCSTEE-141r2016-12-08w2016-12-12yBK 00102ddc40708NFICaMCSbMCSd2016-12-12l0o621..382 SAQpMCSTEE-78r2016-12-08w2016-12-12yBK